Minecraft Pro Quiz - Statistics

General Stats
  • This quiz has been taken 492 times
  • The average score is 9 of 13
Answer Stats
Hint Answer % Correct
diamonds
98%
rarest ore type emerald
91%
weapon of a vindicator axe
90%
obsidian
90%
items needed to craft an enchantment table book
88%
can be crafted with 2 sticks and 2 diamonds diamond hoe
85%
skeleton horse
81%
number of illager types 6
79%
item that can respawn the ender dragon end crystal
75%
number of health points of a ravager 100
54%
mob that head-butts you ravager
51%
two mobs that appear when horse is struck by lightning skeleton horseman
32%
villager variant (not illager) wandering trader
28%
No matching quizzes found
Score Distribution
Percent of People with Each Score
Percentile by Number Answered
Your Score History
You have not taken this quiz